01292 a2200217 45000010006000000050017000060080041000230030015000640400040000790800145001192450059002640200022003232500012003452640038003573000019003955050485004140410008008991000033009077000035009408560099009754810220260407155747.0260407a2016 arg spa dAR-UNSa-BCEJYS aAR-UNSa-BCEJYSbspacAR-UNSa-BCEJYS a658.012.4xGestión. Dirección. Autoridad. Técnicas y métodos de gestión (gestión del conocimiento, Outsourcing, Benchmarking...)10aFundamentos de dirección estratégica de la empresa a978-84-9135-800-8 a2a. ed. 1aEspaña :bThomson Reutersc2016 a327 p.c24 cm. a1. La naturaleza de la Dirección estratégica - PARTE I: Análisis estratégico: 2. La orientación y los valores de la empresa - 3. Análisis del entorno - 4. Análisis interno - PARTE II: Formulación de las estrategias: 5. Estrategias y ventajas competitivas - 6. Las direcciones de desarrollo - 7. Los métodos de desarrollo - 8. La estrategia de internacionalización - PARTE III: Implantación de las estrategias: 9. Evaluación e implantación de estrategias. aspa1 aNavas López, José Emilio1 aGuerras Martín, Luis Ángel41uhttps://www.biblioeco.unsa.edu.ar/pmb/images/libros/L127835.jpgyImagen de portadaqimage/jpeg